000 00532nam a2200205Ia 4500
003 OSt
005 20230415113146.0
008 210423s2011 xx 000 0 und d
020 _a9788174469465
040 _cAL
041 _aeng
082 _a658 PRAL
100 _aPRASAD (Lallan);GULSHAN (S S).
_988825
245 _aManagement: principles and practices.
260 _aNew Delhi
_bExcel Books
_c2011
300 _aix,462
_bPB
365 _b295
_cINR
906 _aManagement: ; practices. ; principles
942 _2ddc
_cBK
999 _c159855
_d159855